Non-Violence in America (Record no. 10099)

MARC details
000 -LEADER
fixed length control field 00618nam a2200241 a 4500
020 ## - INTERNATIONAL STANDARD BOOK NUMBER
ISBN 1570756
082 00 - DEWEY DECIMAL CLASSIFICATION NUMBER
Classification number 303.61
Author Cutter LYN
100 ## - MAIN ENTRY--AUTHOR NAME
Author name Lynd, Syaughton
245 ## - TITLE STATEMENT
Title Non-Violence in America
260 ## - PUBLICATION, DISTRIBUTION, ETC. (IMPRINT)
Place of publication New York
Name of publisher Orbis Books
Year of publication 1995
300 ## - PHYSICAL DESCRIPTION
Number of Pages 530p
500 ## - GENERAL NOTE
General note includes index and biblioraphy
505 2# - FORMATTED CONTENTS NOTE
Formatted contents note Bibliography, Index
650 ## - SUBJECT ADDED ENTRY--TOPICAL TERM
Topical Term Conflict Resolution-Non-violence
650 ## - SUBJECT ADDED ENTRY--TOPICAL TERM
Topical Term Non-Violence-America
942 ## - ADDED ENTRY ELEMENTS (KOHA)
Koha item type Books
Holdings
Collection code Home library Current library Date acquired Cost, normal purchase price Full call number Accession Number Koha item type
  Henry Martyn Institute Library Henry Martyn Institute Library 03/20/2007 1225.00 303.61 LYN 017141 Books
                   Copyright © 2026 | Henry Martyn Institute | Hyderabad | TS-500052 | INDIA | Implemented by hmi.edu.in
Hit-Count:

Powered by Koha